00627nam a22002057a 4500001000700000003000900007005001700016007000700033008004900040020001500089040002200104082001500126100002100141245012600162260004000288300002800328490002000356700002500376830002000401000721DO-SdBNP20180212091722.0000721161121b 1989 sp a ||||| |||| 00| 0 spa d a9580407967 aBPMSUbspacBPMSU axxxxbxxxx1 aMarshall, David aLos alimentos /cDavid Marshall ; ilustradores, Paul Cooper ; traductora, Adriana de Hassan ; editora, Lucía Borrero. aBogota, Colombia : bNorma, c1989. a31 p. : bil. c24 cm. 1 aCómo se hace?12aCooper, Paul, eil. 0aCómo se hace?